The noble scholar, jurist, historian


 His Excellency Dr. Abdul Wahhab bin Ibrahim Abu Sulaiman, may Allah have mercy on him.


 He was born in Umm Al-Qura in the year 1356 AH.

الآثار الإسلامية في محافظة الطائف من خلال كتابات المؤرخين والرحالة / (Record no. 8825)

MARC details
000 -LEADER
fixed length control field 01275caa a2200253 ib4500
003 - CONTROL NUMBER IDENTIFIER
control field SA-RiAUC
005 - DATE AND TIME OF LATEST TRANSACTION
control field 20250611091649.0
008 - FIXED-LENGTH DATA ELEMENTS--GENERAL INFORMATION
fixed length control field 250605s1995 su a f 000r0 ara c
020 ## - INTERNATIONAL STANDARD BOOK NUMBER
Canceled/invalid ISBN 9960656095
040 ## - CATALOGING SOURCE
Original cataloging agency SA-JuJU
Language of cataloging ara
Transcribing agency SA-RiAUC
Description conventions rda
043 ## - GEOGRAPHIC AREA CODE
Geographic area code a-su---
082 04 - DEWEY DECIMAL CLASSIFICATION NUMBER
Classification number 953.124
090 ## - LOCALLY ASSIGNED LC-TYPE CALL NUMBER (OCLC); LOCAL CALL NUMBER (RLIN)
Classification number (OCLC) (R) ; Classification number, CALL (RLIN) (NR) 953.124
Local cutter number (OCLC) ; Book number/undivided call number, CALL (RLIN) ا ث ا
245 02 - TITLE STATEMENT
Title الآثار الإسلامية في محافظة الطائف من خلال كتابات المؤرخين والرحالة /
Statement of responsibility, etc. جمع وتوثيق ناصر بن علي الحارثي.
300 ## - PHYSICAL DESCRIPTION
Extent مجلد :
Other physical details إيضاحيات ؛
Dimensions 24 سم
336 ## - CONTENT TYPE
Content type term نص
Content type code txt
Source rdacontent
Materials specified كتاب
337 ## - MEDIA TYPE
Media type term بدون وسيط
Media type code n
Source rdamedia
338 ## - CARRIER TYPE
Carrier type term مجلد
Carrier type code nc
Source rdacarrier
580 ## - LINKING ENTRY COMPLEXITY NOTE
Linking entry complexity note في : موسوعة الآثار الإسلامية في محافظة الطائف. -ط. 1. -الطائف، السعودية : لجنة المطبوعات في التنشيط السياحي، 1995. -مج. 3. -(إصدارات لجنة المطبوعات في التنشيط السياحي)
651 #7 - SUBJECT ADDED ENTRY--GEOGRAPHIC NAME
Geographic name الطائف (السعودية)
General subdivision آثار إسلامية
Source of heading or term aucsh
700 1# - ADDED ENTRY--PERSONAL NAME
Personal name الحارثي، ناصر بن علي بن عيضة،
Dates associated with a name 1381-1430 هجري
Relator term جامع.
942 ## - ADDED ENTRY ELEMENTS (KOHA)
Source of classification or shelving scheme Dewey Decimal Classification
Koha item type Books
Suppress in OPAC No
949 ## - LOCAL PROCESSING INFORMATION (OCLC)
a SA-JeALM
d 250605
u mohamedma123
n 1
Holdings
Withdrawn status Lost status Source of classification or shelving scheme Materials specified (bound volume or other part) Damaged status Not for loan Home library Current library Date acquired Total checkouts Full call number Barcode Date last seen Price effective from Koha item type
    Dewey Decimal Classification الجزء الثالث     DR AbdElwahab Library DR AbdElwahab Library 06/11/2025   953.124 ا ث ا 000014509 06/11/2025 06/11/2025 Books